00567cam a22001217a 4500008004000000082002500040245017700065260004300242300001000285700003300295999001900328952009800347180718b1997 xxu||||| |||| 00| 0 eng d aI27x54 In2/1947-1997 aCouncil of ministers (1947-1997), names and portfolios of the members of the union council of ministers from 15 August, 1947 to 30 September, 1997cby Lok Sabha Secretariat aNew DelhibLok Sabha Secretariatc1997 a161p. aIndia. Lok Sabha Secretariat c486769d486769 00104070aIIPAbIIPAd2018-08-04oI27x54 In2/1947-1997pGG22994r2018-08-04w2018-08-04yGG